Normal view
MARC view
- Butt, Shehroz
Entry Personal Name
001 - CONTROL NUMBER
- control field: 125937
003 - CONTROL NUMBER IDENTIFIER
- control field: NUST
005 - DATE AND TIME OF LATEST TRANSACTION
- control field: 20240920145437.0
008 - FIXED-LENGTH DATA ELEMENTS
- fixed length control field: 240920|| aca||aabn | a|a d
040 ## - CATALOGING SOURCE
- Original cataloging agency: NUST
- Transcribing agency: NUST
100 ## - HEADING--PERSONAL NAME
- Personal name: Butt, Shehroz
670 ## - SOURCE DATA FOUND
- Source citation: Work cat.: (NUST): Butt, Shehroz, The Cotton Guard AI Cotton Disease Detection Using Deep Learning Methods /, 2024
